书目信息 |
| 题名: |
堂吉诃德 下卷
|
|
| 作者: | [西班牙]塞万提斯 著 | |
| 分册: | ||
| 出版信息: | 南京 译林出版社 1995.08 |
|
| 页数: | 475页 | |
| 开本: | 32开 | |
| 丛书名: | ||
| 单 册: | ||
| 中图分类: | I551.44 | |
| 科图分类: | ||
| 主题词: | 文学 | |
| 电子资源: | ||
| ISBN: | 7-80567-462-0 | |
| 000 | 00564nam0 2200193 45 | |
| 001 | 0009141065 | |
| 005 | 20001102184820.8 | |
| 010 | @a7-80567-462-0@d17.00元 | |
| 100 | @a20000914d1995 km y0chiy0120 ea | |
| 101 | 0 | @achi |
| 105 | @a z 000yy | |
| 200 | 1 | @a堂吉诃德 下卷@ATang Ji He De Xia Juan@f[西班牙]塞万提斯著@F[Xi Ban Ya]Sai Wan Ti Si Zhu |
| 210 | @a南京@c译林出版社@d1995.08 | |
| 215 | @a475页@d32开 | |
| 606 | 0 | @a文学 |
| 690 | @aI551.44@v3 | |
| 701 | 0 | @a[西班牙]塞万提斯@4著 |
| 801 | @aCN@bPftUser@c20000914 | |
| 905 | @dI551.44@eS849:2@b196731-733@f3 | |
| 堂吉诃德 下卷/[西班牙]塞万提斯著.-南京:译林出版社,1995.08 |
| 475页;32开 |
| ISBN 7-80567-462-0:17.00元 |
| ● |
| 相关链接 |
|
|
|
正题名:堂吉诃德下卷
索取号:I551.44/S849:2
 
预约/预借
| 序号 | 登录号 | 条形码 | 馆藏地/架位号 | 状态 | 备注 |
| 1 | 196731 | 201967318 | 文学库116/ [索取号:I551.44/S849:2] | 在馆 | |
| 2 | 196732 | 201967327 | 社科二线400B/400B社科库 26排2列1层/ [索取号:I551.44/S849:2] | 在馆 | |
| 3 | 196733 | 201967336 | 社科二线400B/400B社科库 16排1列3层/ [索取号:I551.44/S849:2] | 在馆 |